Business Basics. Workbook /
Gespeichert in:
| Hauptverfasser: | , |
|---|---|
| Format: | Buch |
| Sprache: | Englisch |
| Veröffentlicht: |
Oxford :
Oxford University Press,
1996
|
| Ausgabe: | 3rd impression |
| Tags: |
Keine Tags, Fügen Sie das erste Tag hinzu!
|
MARC
| LEADER | 00000nam a22000003a 4500 | ||
|---|---|---|---|
| 001 | stu21092 | ||
| 005 | 20150617225750.0 | ||
| 008 | 970115s1996----uk------------------eng-d | ||
| 020 | |a 0-19-457210-2 | ||
| 040 | |a STU |b slo | ||
| 041 | 0 | |a eng | |
| 044 | |a uk | ||
| 080 | |a 802.0 | ||
| 100 | 1 | |a Grant, David |4 aut | |
| 245 | 1 | |a Business Basics. Workbook / |c [aut.]Grant,David, McLarty,Robert | |
| 250 | |a 3rd impression | ||
| 260 | |a Oxford : |b Oxford University Press, |c 1996 | ||
| 300 | |a 93 s : |b Obr.,tab | ||
| 700 | 1 | |a McLarty, Robert |4 aut | |
| 996 | |b C94657 |c C*94657 |l CCI |s A |a 24 |w stu21092_0001 | ||
| 996 | |b 284C023457 |c C*94658 |l CCI |s A |a 24 |w stu21092_0002 | ||